000 00939nam a2200253Ia 4500
001 18177
003 GE_BSU
008 181216s||||||||xx |||||||||||||| ||und||
040 _cGE_BSU
080 _a811.353.1'373.2 + 929.52(479.22)
100 _aუზუნაძე, რევაზ
245 _aქართული გვარ-სახელები : (უზუნაძე)
245 _cრედ. მერაბ მეგრელიშვილი
250 _aმე-2 შევს. გამოც
260 _aბათუმი
260 _bშპს "GAMAprint"-ის სტ
260 _c2010
300 _a56გვ.21სმ. ილ.
541 _h5ლ.
653 _aქართული გვარების ისტორია
653 _aქართული გვარ-სახელები
653 _aქართული გვარ-სახელები;
942 _cBK
999 _c51217
_d51217